000 00581cam a2200193 a 4500
001 4431541
005 20250407151401.0
008 940215s1995 ilua b 000 0 eng
020 _a0256167885
050 0 0 _aHD30.28
_b.C3893 1995
082 0 0 _a658.4/012
_220
245 0 0 _aCases in strategic management /
_cAndrew C. Inkpen ... [et al.].
260 _a[Burr Ridge, Ill.] :
_bIrwin,
_cc1995.
300 _axi, 395 p. :
_bill. ;
_c24 cm.
650 0 _aStrategic planning
_xCase studies.
650 0 _aCompetition
_xCase studies.
700 1 _aInkpen, Andrew C.
942 _2lcc
_cBK
_n0
999 _c5382
_d5382